| 000 | 00627nam a22001937a 4500 | ||
|---|---|---|---|
| 005 | 20250513162254.0 | ||
| 008 | 250513b |||||||| |||| 00| 0 eng d | ||
| 040 | _cDO | ||
| 245 | _aDiamonds the real story | ||
| 250 | _aMarch 2002 Vol. 201 No. 3 | ||
| 490 | _aNational Geographic | ||
| 520 | _aDiamonds: The Real Story, Solo Across the Arctic, Down to a Handful, Danube River, Water World-the Danube Delta, Mother Bear Man, Golden Age Treasures, Murdreesboro,AR | ||
| 650 | _xDIAMONDS | ||
| 650 | _xBORGE OUSLAND TREK | ||
| 650 | _xDANUBE RIVER | ||
| 650 | _xDANUBE DELTA | ||
| 650 | _xGOLDEN AGE | ||
| 942 |
_2ddc _cCR |
||
| 999 |
_c5510 _d5510 |
||